আদিগন্ত নগ্ন পদধ্বনি / (Record no. 3769)
[ view plain ]
| 000 -LEADER | |
|---|---|
| fixed length control field | 00675nam a2200229 a 4500 |
| 001 - CONTROL NUMBER | |
| JCCL Control Number | 3769 |
| 003 - CONTROL NUMBER IDENTIFIER | |
| JCCL marc code | BD-JhCC |
| 005 - DATE AND TIME OF LATEST TRANSACTION | |
| control field | 20171118163446.0 |
| 008 - FIXED-LENGTH DATA ELEMENTS--GENERAL INFORMATION | |
| fixed length control field | 171118s1976 bg |||| |||| 000 0 ben d |
| 035 ## - SYSTEM CONTROL NUMBER | |
| system control number | (BD-JhCC)3769 |
| 040 ## - CATALOGING SOURCE | |
| Original cataloging agency | BD-JhCC |
| Modifying agency | BD-JhCC |
| 041 ## - LANGUAGE CODE | |
| Language code of Book | ben |
| 082 ## - DEWEY DECIMAL CLASSIFICATION NUMBER | |
| Classification number | 891.4415 |
| Author mark and Year | SHA 1976 |
| 100 ## - MAIN ENTRY--PERSONAL NAME | |
| Personal name | রহমান, শামসুর |
| 245 ## - TITLE STATEMENT | |
| Title | আদিগন্ত নগ্ন পদধ্বনি / |
| Statement of responsibility, etc | শামসুর রহমান. |
| 250 ## - EDITION STATEMENT | |
| Edition statement | 2nd Edi. |
| 260 ## - PUBLICATION, DISTRIBUTION, ETC. (IMPRINT) | |
| Place of publication, distribution, etc | ঢাকা : |
| Name of publisher, distributor, etc | সন্ধানী প্রকাশনী, |
| Date of publication, distribution, etc | 1976. |
| 300 ## - PHYSICAL DESCRIPTION | |
| Pagination | 80 p. : |
| Dimensions | 21 cm. |
| 650 ## - SUBJECT ADDED ENTRY--TOPICAL TERM | |
| Topical term or geographic name as entry element | Bengali Poems |
| 942 ## - ADDED ENTRY ELEMENTS (KOHA) | |
| Source of classification or shelving scheme | Dewey Decimal Classification |
| Koha item type | Books |
| Source of classification or shelving scheme | Damaged status | Not for loan | Home library | Current library | Shelving location | Date of accession | Cost, normal purchase price | Total Checkouts | Full call number | Barcode | Date last seen | Copy number | Koha item type |
|---|---|---|---|---|---|---|---|---|---|---|---|---|---|
| Dewey Decimal Classification | JCC Rouf Library | JCC Rouf Library | General Stacks | 11/17/2017 | 7.00 | 891.4415 SHA 1976 | 5227 | 11/18/2017 | C-1 | Books |